LEADER 01033nam0-2200325---450- 001 990009555510403321 005 20120412114921.0 010 $a88-464-6618-7 035 $a000955551 035 $aFED01000955551 035 $a(Aleph)000955551FED01 035 $a000955551 100 $a20120412d2005----km-y0itay50------ba 101 0 $aita 102 $aIT 105 $aa-------001yy 200 1 $aEconomia generale$eeconomia di mercato e dell'impresa, economia pubblica e politica economica, economia internazionale, economia dell'ingegneria: valutazione e scelta degli investimenti privati e pubblici$fNino Luciani 210 $aMilano$cFrancoAngeli$d2005 215 $a518 p.$cill.$d23 cm 225 1 $aEconomia$iSez. 1$v56 610 0 $aEconomia 676 $a330$v22$zita 700 1$aLuciani,$bNino$0112733 801 0$aIT$bUNINA$gREICAT$2UNIMARC 901 $aBK 912 $a990009555510403321 952 $aCollez. 643 (56)$b47106$fFSPBC 959 $aFSPBC 996 $aEconomia generale$9853679 997 $aUNINA LEADER 01583nam 2200397Ia 450 001 996392699603316 005 20221108053836.0 035 $a(CKB)1000000000682633 035 $a(EEBO)2240919248 035 $a(OCoLC)9920488000971 035 $a(EXLCZ)991000000000682633 100 $a19950918d1603 uy | 101 0 $aeng 135 $aurbn||||a|bb| 200 10$aBy the King$b[electronic resource] $ea proclamation for the due and speedy execution of the statute against rogues, vagabonds, idle, and dissolute persons 210 $aImprinted at London $cBy Robert Barker, Printer to the Kings most Excellent Maiestie$dAnno 1603 215 $a2 leaves 300 $aImprint from colophon. 300 $aThe proclamation is followed by the order of the Privy Council. 300 $a"Giuen at his Maiesties Mannour of Woodstocke the seuenteenth day of September 1603. in the first yeere of his Highnesse Reigne of England, France, and Ireland, and of Scotland the seuen and thirtieth." 300 $aReproduction of original in: Society of Antiquaries. 330 $aeebo-0147 606 $aRogues and vagabonds$zEngland 606 $aExile (Punishment)$zEngland 607 $aGreat Britain$xHistory$yJames I, 1603-1625 615 0$aRogues and vagabonds 615 0$aExile (Punishment) 701 $aJames$cKing of England,$f1566-1625.$01001019 712 02$aEngland and Wales.$bPrivy Council. 801 0$bEBK 801 1$bEBK 801 2$bWaOLN 906 $aBOOK 912 $a996392699603316 996 $aBy the King$92299281 997 $aUNISA